| 000 | 00544nam a22001817a 4500 | ||
|---|---|---|---|
| 999 |
_c524747 _d524747 |
||
| 003 | NUST | ||
| 005 | 20190625101459.0 | ||
| 008 | 190625b ||||| |||| 00| 0 eng d | ||
| 038 | _aMr. Zahoor | ||
| 082 | _a005 | ||
| 100 |
_aMaryam Jamil _915541 |
||
| 245 |
_aCRM analytics based on association rules and clustering pattern _cMaryam Jamil |
||
| 260 |
_aIslamabad : _bEME - NUST _c2017. |
||
| 300 |
_aiv, 57 p, : ill, ; _c30 cm. |
||
| 500 | _aHard Cover | ||
| 600 |
_2Software Engineering - MS Thesis _aUzma Gulzar _915534 |
||
| 942 |
_2ddc _cTHE |
||